000 00263nam a2200097Ia 4500
008 241105s9999 xx 000 0 und d
041 _aeng
100 _aPansare Bhagyashree
_9182582
245 _aAutomobile Museum In Pune
260 _bFinal Year B. Arch, BNCA
_c2014
999 _c360873
_d360873